000 00677nam a2200301Ia 4500
005 20260401122409.0
008 008 250103s9999 xx 000 0 eng d
020 _a9780674031197
037 _aTB
040 _aEDL
040 _beng
040 _cEDL
041 _2eng
041 _aeng
084 _a184 FIC
084 _qEDL
100 _aFicino, Marsilio
_91233484
245 0 _aCommentaries on Plato: Phaedrus and Ion
245 0 _cFicino, Marsilio
260 _aCambridge
260 _bHarvard University Press
260 _c2008
300 _a269p
942 _cTB
942 _h184 FIC
999 _c1847002
_d1847002